Mưa tuyết Tập truyện, ký

Na minha lista:
Detalhes bibliográficos
Autor principal: Bùi Nguyên Khiết
Formato: Livro
Publicado em: H. Tác phẩm mới 1980
Assuntos:
Tags: Adicionar Tag
Sem tags, seja o primeiro a adicionar uma tag!
Thư viện lưu trữ: Trung tâm Học liệu Lê Vũ Hùng, Trường Đại học Đồng Tháp
LEADER 00773pam a22002298a 4500
001 00020041
005 20171026081025.0
008 110510s1980 ||||||Viesd
041 0 # |a Vie 
082 1 # |a 895.922 803  |b M551T 
100 0 # |a Bùi Nguyên Khiết 
245 0 0 |a Mưa tuyết  |b Tập truyện, ký  |c Bùi Nguyên Khiết 
260 # # |a H.  |b Tác phẩm mới  |c 1980 
300 # # |a 159 tr.  |c 20 cm. 
650 # 7 |2 Văn học Việt Nam  |a Tập truyện 
653 # # |a Ký 
852 # # |b Kho mượn  |j KM.0007081, KM.0007082 
852 # # |b Kho đọc  |j KD.0004242 
852 # # |j KD.0004242  |j KM.0007081  |j KM.0007082 
910 0 # |a Hoa Lê  |d 10/05/2011 
980 # # |a Trung tâm Học liệu Lê Vũ Hùng, Trường Đại học Đồng Tháp